000
00189nam a2200085Ia 4500
008
170617s9999 xx 000 0 und d
100
_a
GAUD R S
245
0
_a
NATURAL EXCIPIENTS
260
_b
PUNE :NIRALI
260
_c
2010
999
_c
15663
_d
15663